William Fawcett Hill's learning through discussion

Αποθηκεύτηκε σε:
Λεπτομέρειες βιβλιογραφικής εγγραφής
Άλλοι συγγραφείς: Rabow, Jerome
Μορφή: Βιβλίο
Γλώσσα:English
Δημοσίευση: Thousand Oaks ; London : Sage Publications, 1994
Έκδοση:3rd ed.
Θέματα:
Ετικέτες: Προσθήκη ετικέτας
Δεν υπάρχουν, Καταχωρήστε ετικέτα πρώτοι!

MARC

LEADER 00000nam a2200000 i 4500
001 1/22745
008 980518s1994 eng d
020 |a 0-8039-5411-5 
035 |a 1995  |b 2  |c Χιωτάκης  |l 10036649 
040 |a GR-MY-UA  |b gre  |e aacr 
041 0 |a eng 
082 0 |a 371.395 
245 1 0 |a William Fawcett Hill's learning through discussion /  |c Jerome Rabow ... [et.al. 
246 3 3 |a Learning through discussion 
250 |a 3rd ed. 
260 |a Thousand Oaks ; London :   |b Sage Publications,   |c 1994 
300 |a 70 p. 
504 |a Includes bibliographical references 
650 0 0 |a Group work in education. 
650 0 0 |a Discussion  |x Study and teaching. 
650 0 0 |a Learning. 
700 1 |a Rabow, Jerome. 
852 |a INST  |b RHODES  |e 19980518  |h 371.395 WIL  |p 005400005483  |q 005400005483  |t BK  |y 0 
909 |a Ρ  |b 041191  |c 1995